Yo soy, simon: todos merecemos una gran historia de amor /
Guardado en:
| Autor Principal: | |
|---|---|
| Formato: | Libro |
| Publicado: |
Buenos Aires :
Puck,
2019.
|
| Materias: | |
| Etiquetas: |
Agregar Etiqueta
Sin Etiquetas, Sea el primero en etiquetar este registro!
|
| LEADER | 00586nam a22001815a 4500 | ||
|---|---|---|---|
| 001 | CEM.cems018728 | ||
| 005 | 20190614131639.0 | ||
| 008 | 130507s2019##################000#0#####d | ||
| 003 | CEMS | ||
| 020 | |a 9789874132000 | ||
| 082 | 0 | 4 | |a 863.9 |
| 100 | 1 | |a Albertalli, Becky | |
| 245 | 1 | 0 | |a Yo soy, simon: todos merecemos una gran historia de amor / |c Becky Albertalli |
| 260 | |a Buenos Aires : |b Puck, |c 2019. | ||
| 300 | |a 288p. ; 21cm. | ||
| 600 | 1 | 4 | |a 1-Albertalli, Becky |
| 653 | |a Literatura juvenil / literatura argentina / novelas | ||
| 859 | |a CEMS |b BIB. CEMS - Agricultura |h 863.9 |i Al146 |p A3254.19 |t Ej.1 | ||
